<?xml version="1.0" encoding="UTF-8"?>
<collection xmlns="http://www.loc.gov/MARC21/slim">
    <record>
        <controlfield tag="001">64884</controlfield>
        <controlfield tag="005">20180207125359.0</controlfield>
        <datafield tag="037" ind1=" " ind2=" ">
            <subfield code="a">TAZ-TFG-2017-3962</subfield>
        </datafield>
        <datafield tag="041" ind1=" " ind2=" ">
            <subfield code="a">spa</subfield>
        </datafield>
        <datafield tag="100" ind1="1" ind2=" ">
            <subfield code="a">Martinez Marco, Arturo</subfield>
        </datafield>
        <datafield tag="242" ind1="0" ind2="0">
            <subfield code="a">Spanish reception of economic and social Georgism: a review of the system</subfield>
        </datafield>
        <datafield tag="245" ind1="0" ind2="0">
            <subfield code="a">La recepción en España del georgismo académico y social: Una crítica del sistema.</subfield>
        </datafield>
        <datafield tag="260" ind1=" " ind2=" ">
            <subfield code="a">Zaragoza</subfield>
            <subfield code="b">Universidad de Zaragoza</subfield>
            <subfield code="c">2017</subfield>
        </datafield>
        <datafield tag="506" ind1=" " ind2=" ">
            <subfield code="a">by-nc-sa</subfield>
            <subfield code="b">Creative Commons</subfield>
            <subfield code="c">3.0</subfield>
            <subfield code="u">http://creativecommons.org/licenses/by-nc-sa/3.0/</subfield>
        </datafield>
        <datafield tag="520" ind1=" " ind2=" ">
            <subfield code="a">Este trabajo se centra en la recepción que se produjo en España del movimiento georgista, una de las críticas a la economía clásica a las que se les han dedicado menos esfuerzos investigadores en nuestro país, y ello tal vez por su coexistencia con los discursos regeneracionistas. El georgismo fue una crítica social al sistema económico y redistributivo que tenía la sociedad. No llegó a ser una teoría económica formal pero sus postulados incluían cambios económicos dignos de estudio, y en cualquier caso el movimiento en sí sedujo a profesionales que lo convirtieron en su ideario, entre los que no faltaron profesores que trasladarían los postulados georgistas al mundo académico. Su reforma se centraba principalmente en el modelo fiscal, modificándolo completamente e introduciendo el concepto de ‘Impuesto Único’ y el método para su implantación. Este trabajo pretende presentar una panorámica general de los postulados georgistas, sus puntos de crítica y ruptura con las leyes y componentes de la economía clásica, y centrarse en la repercusión que tuvo en España, así como entender su papel como crítica contra el sistema, desde su introducción hasta la desaparición del panorama nacional de sus principales representantes.</subfield>
        </datafield>
        <datafield tag="521" ind1=" " ind2=" ">
            <subfield code="a">Graduado en Finanzas y Contabilidad</subfield>
        </datafield>
        <datafield tag="540" ind1=" " ind2=" ">
            <subfield code="a">Derechos regulados por licencia Creative Commons</subfield>
        </datafield>
        <datafield tag="700" ind1=" " ind2=" ">
            <subfield code="a">Pérez Calle, Begoña</subfield>
            <subfield code="e">dir.</subfield>
        </datafield>
        <datafield tag="710" ind1="2" ind2=" ">
            <subfield code="a">Universidad de Zaragoza</subfield>
            <subfield code="b">Análisis Económico</subfield>
            <subfield code="c"></subfield>
        </datafield>
        <datafield tag="856" ind1="0" ind2=" ">
            <subfield code="f">691275@celes.unizar.es</subfield>
        </datafield>
        <datafield tag="856" ind1="4" ind2=" ">
            <subfield code="s">164990</subfield>
            <subfield code="u">http://zaguan.unizar.es/record/64884/files/TAZ-TFG-2017-3962.pdf</subfield>
            <subfield code="y">Memoria (spa)</subfield>
        </datafield>
        <datafield tag="909" ind1="C" ind2="O">
            <subfield code="o">oai:zaguan.unizar.es:64884</subfield>
            <subfield code="p">driver</subfield>
            <subfield code="p">trabajos-fin-grado</subfield>
        </datafield>
        <datafield tag="950" ind1=" " ind2=" ">
            <subfield code="a"></subfield>
        </datafield>
        <datafield tag="951" ind1=" " ind2=" ">
            <subfield code="a">deposita:2018-02-07</subfield>
        </datafield>
        <datafield tag="980" ind1=" " ind2=" ">
            <subfield code="a">TAZ</subfield>
            <subfield code="b">TFG</subfield>
            <subfield code="c">ECON</subfield>
        </datafield>
    </record>

    
</collection>